[Event "CZE-ch U14 2020"]
[Site "Kouty nad Desnou"]
[Date "2020.03.08"]
[Round "2.9"]
[White "Lang, Simon"]
[Black "Licka, Denis"]
[Result "1-0"]
[WhiteElo "1779"]
[BlackElo "1594"]
[Annotator "NA"]
[PlyCount "49"]
[EventDate "2020.03.07"]
[EventCountry "CZE"]
[SourceTitle "playchess.com"]
[Source "ChessBase"]
[SourceQuality "1"]
[TimeControl "5400+30"]

1. e4 {[%emt 0:00:00]} c5 {[%emt 0:00:00]} 2. Nf3 {[%emt 0:01:23]} d6 {[%emt 0:00:00]} 3. d4 {[%emt 0:01:06]} cxd4 {[%emt 0:00:00]} 4. Nxd4 {[%emt 0:00:59]} Nf6 {[%emt 0:00:01]} 5. Nc3 {[%emt 0:01:36]} a6 {[%emt 0:00:07]} 6. Bg5 {[%emt 0:01:15]} e6 {[%emt 0:00:09]} 7. f4 {[%emt 0:01:43]} h6 {[%emt 0:00:13]} 8. Bh4 {[%emt 0:01:53]} Be7 {[%emt 0:00:07]} 9. Qf3 {[%emt 0:05:37]} Nbd7 {[%emt 0:01:15]} 10. O-O-O {[%emt 0:02:36]} Qc7 {[%emt 0:00:39]} 11. Bf2 {[%emt 0:05:26]} Rb8 {[%emt 0:25:09]} 12. g4 {[%emt 0:08:29]} b5 {[%emt 0:13:56]} 13. g5 {[%emt 0:05:13]} hxg5 {[%emt 0:02:26]} 14. fxg5 {[%emt 0:01:08]} Ne5 {[%emt 0:01:10]} 15. Qe2 {[%emt 0:15:50]} Nfg4 {[%emt 0:12:10]} 16. Bg2 {[%emt 0:06:41]} Bxg5+ {[%emt 0:11:04]} 17. Kb1 {[%emt 0:00:21]} Nxf2 {[%emt 0:01:01]} 18. Qxf2 {[%emt 0:00:12]} Nc4 {[%emt 0:04:52]} 19. e5 {[%emt 0:09:28]} Nxe5 {[%emt 0:18:03]} 20. Rhf1 {[%emt 0:02:48]} d5 {[%emt 0:07:01]} 21. Qg3 {[%emt 0:01:14]} Bf6 {[%emt 0:00:19]} 22. Bxd5 {[%emt 0:00:28]} exd5 {[%emt 0:00:46]} 23. Nxd5 {[%emt 0:00:09]} Qd6 {[%emt 0:00:30]} 24. Nf3 {[%emt 0:04:17]} Qe6 {[%emt 0:00:31]} 25. Nc7+ {[%emt 0:00:20] Qd6 Nd5 Rg8 Qe1} 1-0

[Event "CZE-ch U14 2020"]
[Site "Kouty nad Desnou"]
[Date "2020.03.08"]
[Round "2.10"]
[White "Tajovsky, Simon"]
[Black "Stocek, Martin"]
[Result "0-1"]
[WhiteElo "1512"]
[BlackElo "1772"]
[Annotator "NA"]
[PlyCount "112"]
[EventDate "2020.03.07"]
[EventCountry "CZE"]
[SourceTitle "playchess.com"]
[Source "ChessBase"]
[SourceQuality "1"]
[TimeControl "5400+30"]

1. d4 {[%emt 0:00:00]} Nf6 {[%emt 0:00:00]} 2. c4 {[%emt 0:00:00]} d6 {[%emt 0:00:00]} 3. Nc3 {[%emt 0:00:00]} g6 {[%emt 0:00:00]} 4. e4 {[%emt 0:00:00]} Bg7 {[%emt 0:00:00]} 5. f3 {[%emt 0:00:00]} O-O {[%emt 0:00:00]} 6. Be3 {[%emt 0:00:00]} Nfd7 {[%emt 0:00:52]} 7. Qd2 {[%emt 0:02:18]} c5 {[%emt 0:00:43]} 8. d5 {[%emt 0:00:22]} Ne5 {[%emt 0:11:01]} 9. Be2 {[%emt 0:01:52]} Qb6 {[%emt 0:07:15]} 10. Rc1 {[%emt 0:04:34]} Qb4 {[%emt 0:04:49]} 11. Nb5 {[%emt 0:04:47]} Qxd2+ {[%emt 0:04:10]} 12. Bxd2 {[%emt 0:00:12]} a6 {[%emt 0:05:58]} 13. Nc3 {[%emt 0:02:36]} Bd7 {[%emt 0:02:06]} 14. f4 {[%emt 0:05:38]} Ng4 {[%emt 0:00:54]} 15. h3 {[%emt 0:00:58]} Nf6 {[%emt 0:00:37]} 16. Nf3 {[%emt 0:00:35]} b5 {[%emt 0:04:36]} 17. e5 {[%emt 0:05:52]} Ne8 {[%emt 0:13:15]} 18. O-O {[%emt 0:02:54]} b4 {[%emt 0:02:52]} 19. Ne4 {[%emt 0:02:55]} f5 {[%emt 0:05:07]} 20. Nf2 {[%emt 0:05:22]} a5 {[%emt 0:02:55]} 21. Nd3 {[%emt 0:02:02]} Ra7 {[%emt 0:04:14]} 22. Bd1 {[%emt 0:04:49]} h6 {[%emt 0:03:07]} 23. Be1 {[%emt 0:06:16]} Bc8 {[%emt 0:02:09]} 24. Bh4 {[%emt 0:04:49]} Ba6 {[%emt 0:01:45]} 25. Re1 {[%emt 0:04:12]} Bc8 {[%emt 0:04:39]} 26. Ba4 {[%emt 0:03:06]} Kf7 {[%emt 0:08:12]} 27. Re2 {[%emt 0:03:19]} dxe5 {[%emt 0:03:18]} 28. Nfxe5+ {[%emt 0:01:42]} Bxe5 {[%emt 0:00:28]} 29. Nxe5+ {[%emt 0:00:07]} Kg7 {[%emt 0:00:10]} 30. Nd3 {[%emt 0:01:12]} Nf6 {[%emt 0:02:07]} 31. Nxc5 {[%emt 0:02:50]} Rc7 {[%emt 0:00:42]} 32. Bxf6+ {[%emt 0:01:36]} Rxf6 {[%emt 0:01:58]} 33. Nb3 {[%emt 0:02:43]} Bb7 {[%emt 0:03:38]} 34. Nxa5 {[%emt 0:01:51]} Bxd5 {[%emt 0:00:52]} 35. Rce1 {[%emt 0:01:34]} Be4 {[%emt 0:01:11]} 36. Bc2 {[%emt 0:03:56]} Bxc2 {[%emt 0:00:15]} 37. Rxc2 {[%emt 0:00:05]} Ra6 {[%emt 0:00:51]} 38. Nb3 {[%emt 0:01:51]} Rxa2 {[%emt 0:00:07]} 39. Nd4 {[%emt 0:00:41]} Kf7 {[%emt 0:01:09]} 40. b3 {[%emt 0:00:47]} Rxc2 {[%emt 0:00:38]} 41. Nxc2 {[%emt 0:00:05]} Nc6 {[%emt 0:00:30]} 42. Rd1 {[%emt 0:00:49]} Ra7 {[%emt 0:00:00]} 43. Nd4 {[%emt 0:00:00]} Rd7 {[%emt 0:00:00]} 44. Nxc6 {[%emt 0:00:00]} Rxd1+ {[%emt 0:00:00]} 45. Kf2 {[%emt 0:00:00]} Rb1 {[%emt 0:00:00]} 46. Nxb4 {[%emt 0:00:00]} Rxb3 {[%emt 0:00:00]} 47. Nc6 {[%emt 0:00:00]} Rc3 {[%emt 0:00:00]} 48. Ke2 {[%emt 0:00:00]} Kf6 {[%emt 0:00:00]} 49. Ne5 {[%emt 0:00:00]} g5 {[%emt 0:00:00]} 50. Nd7+ {[%emt 0:00:00]} Ke6 {[%emt 0:00:00]} 51. Nb6 {[%emt 0:00:00]} gxf4 {[%emt 0:00:00]} 52. Kd2 {[%emt 0:00:00]} Rg3 {[%emt 0:00:00]} 53. Nd5 {[%emt 0:00:00]} Rxg2+ {[%emt 0:00:00]} 54. Ke1 {[%emt 0:00:00]} f3 {[%emt 0:00:00]} 55. Nf4+ {[%emt 0:00:00]} Kd6 {[%emt 0:00:00]} 56. Nxg2 {[%emt 0:00:00]} fxg2 {[%emt 0:00:00]} 0-1

[Event "CZE-ch U14 2020"]
[Site "Kouty nad Desnou"]
[Date "2020.03.08"]
[Round "2.11"]
[White "Prochazka, Vojtech"]
[Black "Kanak, Matyas"]
[Result "1-0"]
[WhiteElo "1763"]
[BlackElo "1499"]
[Annotator "NA"]
[PlyCount "41"]
[EventDate "2020.03.07"]
[EventCountry "CZE"]
[SourceTitle "playchess.com"]
[Source "ChessBase"]
[SourceQuality "1"]
[TimeControl "5400+30"]

1. e4 {[%emt 0:00:00]} e5 {[%emt 0:00:00]} 2. Nf3 {[%emt 0:01:21]} Nf6 {[%emt 0:00:00]} 3. Nxe5 {[%emt 0:02:41]} d6 {[%emt 0:00:03]} 4. Nf3 {[%emt 0:00:45]} Nxe4 {[%emt 0:00:04]} 5. Nc3 {[%emt 0:00:22]} Nf6 {[%emt 0:00:04]} 6. d4 {[%emt 0:01:51]} d5 {[%emt 0:00:34]} 7. Bd3 {[%emt 0:15:24]} Be7 {[%emt 0:00:57]} 8. Bf4 {[%emt 0:03:44]} a6 {[%emt 0:16:17]} 9. Ne2 {[%emt 0:04:06]} Nc6 {[%emt 0:00:33]} 10. c3 {[%emt 0:00:40]} O-O {[%emt 0:00:25]} 11. Qc2 {[%emt 0:01:40]} Bg4 {[%emt 0:00:52]} 12. h3 {[%emt 0:08:06]} Bh5 {[%emt 0:01:47]} 13. O-O-O {[%emt 0:03:46]} b5 {[%emt 0:03:38]} 14. Ne5 {[%emt 0:02:56]} Bxe2 {[%emt 0:01:19]} 15. Qxe2 {[%emt 0:03:05]} Bd6 {[%emt 0:15:17]} 16. Qf3 {[%emt 0:02:12]} Na5 {[%emt 0:04:11]} 17. Bg5 {[%emt 0:07:06]} Be7 {[%emt 0:50:33]} 18. Rhe1 {[%emt 0:11:10]} Qd6 {[%emt 0:00:10]} 19. Ng4 {[%emt 0:02:34]} Ne4 {[%emt 0:01:47]} 20. Bxe7 {[%emt 0:00:17]} Qxe7 {[%emt 0:00:08]} 21. Bxe4 1-0

[Event "CZE-ch U14 2020"]
[Site "Kouty nad Desnou"]
[Date "2020.03.08"]
[Round "2.12"]
[White "Zednicek, Filip"]
[Black "Vilimek, Vit"]
[Result "1-0"]
[WhiteElo "1365"]
[BlackElo "1695"]
[Annotator "NA"]
[PlyCount "103"]
[EventDate "2020.03.07"]
[EventCountry "CZE"]
[SourceTitle "playchess.com"]
[Source "ChessBase"]
[SourceQuality "1"]
[TimeControl "5400+30"]

1. e4 {[%emt 0:00:33]} c5 {[%emt 0:00:00]} 2. Nf3 {[%emt 0:01:39]} Nc6 {[%emt 0:00:00]} 3. d4 {[%emt 0:01:42]} cxd4 {[%emt 0:00:00]} 4. Nxd4 {[%emt 0:02:11]} Nf6 {[%emt 0:00:07]} 5. Nc3 {[%emt 0:03:35]} e5 {[%emt 0:00:06]} 6. Ndb5 {[%emt 0:02:24]} d6 {[%emt 0:00:22]} 7. Bg5 {[%emt 0:02:47]} a6 {[%emt 0:00:12]} 8. Na3 {[%emt 0:03:10]} b5 {[%emt 0:00:15]} 9. Nd5 {[%emt 0:03:34]} Be7 {[%emt 0:00:10]} 10. c3 {[%emt 0:03:31]} Nxd5 {[%emt 0:00:34]} 11. exd5 {[%emt 0:04:02]} Bxg5 {[%emt 0:00:26]} 12. dxc6 {[%emt 0:00:47]} O-O {[%emt 0:00:25]} 13. Be2 {[%emt 0:04:10]} f5 {[%emt 0:01:18]} 14. Qd5+ {[%emt 0:02:06]} Kh8 {[%emt 0:00:42]} 15. c7 {[%emt 0:02:07]} Qxc7 {[%emt 0:06:24]} 16. Qxa8 {[%emt 0:01:58]} e4 {[%emt 0:03:53]} 17. Qd5 {[%emt 0:03:09]} Bb7 {[%emt 0:00:05]} 18. Qd1 {[%emt 0:00:30]} e3 {[%emt 0:00:04]} 19. O-O {[%emt 0:02:57]} Rf6 {[%emt 0:05:40]} 20. Bf3 {[%emt 0:01:46]} d5 {[%emt 0:05:31]} 21. Nc2 {[%emt 0:02:43]} Rh6 {[%emt 0:20:30]} 22. h3 {[%emt 0:03:37]} exf2+ {[%emt 0:03:45]} 23. Rxf2 {[%emt 0:00:22]} Qb6 {[%emt 0:07:42]} 24. Qd4 {[%emt 0:00:22]} Qc7 {[%emt 0:06:45]} 25. Bxd5 {[%emt 0:03:03]} Rd6 {[%emt 0:12:56]} 26. Rxf5 {[%emt 0:00:48]} Bf6 {[%emt 0:01:29]} 27. Qe4 {[%emt 0:00:19]} Bxd5 {[%emt 0:06:35]} 28. Rxd5 {[%emt 0:00:22]} Qc6 {[%emt 0:03:12]} 29. Re1 {[%emt 0:00:54]} Qb6+ {[%emt 0:02:49]} 30. Nd4 {[%emt 0:00:28]} h6 {[%emt 0:00:27]} 31. Rxd6 {[%emt 0:00:29]} Qxd6 {[%emt 0:00:07]} 32. Nf5 {[%emt 0:01:39]} Qc5+ {[%emt 0:00:47]} 33. Kh1 {[%emt 0:00:20]} Qf2 {[%emt 0:00:29]} 34. Nd4 {[%emt 0:00:44]} Qg3 {[%emt 0:03:57]} 35. Qe3 {[%emt 0:01:19]} Qd6 {[%emt 0:00:46]} 36. Nf3 {[%emt 0:02:01]} Qc7 {[%emt 0:01:21]} 37. Nd2 {[%emt 0:01:01]} Bg5 {[%emt 0:01:01]} 38. Qd3 {[%emt 0:01:55]} Qc8 {[%emt 0:01:11]} 39. Nf3 {[%emt 0:00:18]} Bf6 {[%emt 0:00:05]} 40. Ne5 {[%emt 0:00:36]} Kg8 {[%emt 0:03:43]} 41. Qd5+ {[%emt 0:00:20]} Kh7 {[%emt 0:00:30]} 42. Qe4+ {[%emt 0:00:03]} Kg8 {[%emt 0:00:30]} 43. Ng4 {[%emt 0:00:07]} Kf7 {[%emt 0:04:00]} 44. Nxf6 {[%emt 0:00:31]} Kxf6 {[%emt 0:00:00]} 45. Rf1+ {[%emt 0:00:00]} Kg5 {[%emt 0:00:00]} 46. h4+ {[%emt 0:00:00]} Kh5 {[%emt 0:00:00]} 47. Rf5+ {[%emt 0:00:00]} Kg6 {[%emt 0:00:00]} 48. Rf8+ {[%emt 0:00:00]} Kh5 {[%emt 0:00:00]} 49. Rxc8 {[%emt 0:00:00]} b4 {[%emt 0:00:00]} 50. Rc6 {[%emt 0:00:00]} b3 {[%emt 0:00:00]} 51. Qg6+ {[%emt 0:00:00]} Kxh4 {[%emt 0:00:00]} 52. Rc4# 1-0

[Event "CZE-ch U14 2020"]
[Site "Kouty nad Desnou"]
[Date "2020.03.09"]
[Round "3.1"]
[White "Petricek, Lukas"]
[Black "Stalmach, Richard"]
[Result "0-1"]
[WhiteElo "2106"]
[BlackElo "2259"]
[Annotator "TA"]
[PlyCount "76"]
[EventDate "2020.03.07"]
[EventCountry "CZE"]
[SourceTitle "playchess.com"]
[Source "ChessBase"]
[SourceQuality "1"]

{[%evp 15,76,0,12,0,0,-18,-12,-40,-19,-16,-14,-5,-5,-9,8,-67,-58,-66,-66,-65,-64,-65,-63,-69,-56,-73,-76,-94,-68,-67,-75,-72,-53,-137,-139,-231,-225,-240,-241,-240,-235,-239,-221,-239,-227,-233,-206,-263,-257,-492,-407,-388,-330,-384,-382,-453,-442,-575,-575,-575,-557,-551,-541]} 1. e4 c5 2. Nf3 e6 3. c3 Nf6 4. e5 Nd5 5. d4 cxd4 6. cxd4 d6 7. Be2 Nc6 8. O-O Be7 9. a3 {B22: Sicilian: 2 c3.} O-O 10. exd6 Qxd6 11. Nc3 {The position is equal.} Rd8 12. Ne4 Qc7 {[#]} 13. Bd3 $146 ({Predecessor:} 13. Qc2 Bd7 14. Bg5 Be8 15. Rac1 Rac8 16. Qd2 Bxg5 17. Nexg5 h6 18. Ne4 Qf4 19. Qxf4 Nxf4 {0-1 (33) Pohle,R (2003)-Andersson,U (2554) Bad Wiessee 2013}) 13... Qb6 14. Bc2 Nf6 {[%cal Rc6d4]} 15. Bg5 (15. Be3 $11) 15... Nxe4 $1 $15 ({But not} 15... Qxb2 $2 16. Nxf6+ gxf6 17. Qd3 $18) 16. Bxe7 Nxe7 17. Bxe4 Bd7 18. Qd2 Bc6 19. Rfe1 Rd6 20. Qf4 Bxe4 21. Qxe4 Nf5 22. Rad1 Rad8 23. d5 h6 ({Much worse is} 23... Qxb2 24. Rb1 $11) 24. g4 {White is now going downhill.} ({White should play} 24. Qa4 $1 $15) 24... Ne7 $17 25. dxe6 (25. h4 $17) 25... Rxd1 $19 26. exf7+ Kxf7 27. Qxe7+ Kg8 28. Rxd1 Rxd1+ {[%mdl 4096] Endgame KQR-KQN} 29. Kg2 Qc6 ({Not} 29... Qxb2 30. Qe8+ Kh7 31. Qe4+ Kh8 32. Qe8+ Kh7 33. Qe4+ Kh8 34. Qe8+ Kh7 $11) 30. Qe3 a6 31. Kh3 Qd5 {[#] ...Rd3! is the strong threat.} 32. g5 $2 (32. Ne5) 32... Qd7+ 33. Kg3 Rd3 34. Qe4 hxg5 35. Kg2 g4 {Black is clearly winning.} 36. Ne5 Qd5 37. Qxd5+ Rxd5 38. Nxg4 Rd2 {Accuracy: White = 53%, Black = 100%.} 0-1

[Event "CZE-ch U14 2020"]
[Site "Kouty nad Desnou"]
[Date "2020.03.09"]
[Round "3.2"]
[White "Hrbek, Stepan"]
[Black "Smolik, Jachym"]
[Result "0-1"]
[WhiteElo "2142"]
[BlackElo "2025"]
[Annotator "TA"]
[PlyCount "80"]
[EventDate "2020.03.07"]
[EventCountry "CZE"]
[SourceTitle "playchess.com"]
[Source "ChessBase"]
[SourceQuality "1"]

{[%evp 18,80,15,0,27,20,22,27,32,28,32,25,32,34,27,29,28,34,52,51,58,49,66,56,68,12,18,17,29,1,20,0,20,8,22,6,19,14,53,39,41,31,47,6,8,5,28,0,0,0,0,0,7,-9,-12,-127,-125,-205,-207,-29990,-29991,-29991,-29991,-29993,-29994]} 1. c4 Nf6 2. Nf3 e6 3. g3 b6 4. Bg2 Bb7 5. O-O d5 6. b3 Be7 7. Bb2 O-O 8. e3 Nbd7 {[%cal Bb8d7,Bd7c5,Bc5e4][%mdl 32]} 9. Qe2 a5 {has lost popularity (9...c5).} 10. Nc3 Nc5 {A14: English Opening: 1...e6 with b3 by White.} (10... a4 $5) 11. Ne5 {[#]} Nfe4 $146 ({Predecessor:} 11... Bd6 12. Nb5 a4 13. Ng4 Ne8 14. b4 Nd7 15. Nxd6 Nxd6 16. cxd5 exd5 17. Nh6+ Kh8 18. Qg4 {½-½ (131) Landenbergue,C (2350)-Kahn,E (2245) Budapest 1989}) 12. d4 Nxc3 {White has an edge.} 13. Bxc3 Ne4 14. Bb2 a4 15. Rac1 axb3 16. axb3 Bd6 17. Nd3 Ba3 18. Bxa3 Rxa3 19. Qb2 Ra8 20. Rfd1 Qe7 21. f3 (21. cxd5 $14 exd5 22. b4) 21... Nd6 22. c5 Nf5 23. Qf2 Ra3 24. e4 Nh6 25. Qb2 Rfa8 26. Ra1 R3a6 27. Rxa6 Rxa6 28. Rc1 dxe4 29. fxe4 Ra8 30. c6 Ba6 31. Ra1 {[#] Black must now prevent Ra2.} Qd8 32. Nb4 Bb5 33. Rxa8 Qxa8 34. Qc3 f6 35. Bh3 $36 {[%mdl 2048] White has the initiative.} Qe8 36. Kg2 {[#]} (36. Qd2 $11) 36... Nf7 $1 $17 37. d5 (37. Qe3 $17 {is a better defense.}) 37... exd5 $19 38. exd5 $2 (38. Qd4 $19) 38... Qe2+ {Black mates.} 39. Kg1 Ne5 40. Be6+ Kh8 {Accuracy: White = 63%, Black = 96%.} 0-1

[Event "CZE-ch U14 2020"]
[Site "Kouty nad Desnou"]
[Date "2020.03.09"]
[Round "3.3"]
[White "Werner, Hong Quan Dan"]
[Black "Hak, David"]
[Result "0-1"]
[WhiteElo "1801"]
[BlackElo "2120"]
[Annotator "TA"]
[PlyCount "90"]
[EventDate "2020.03.07"]
[EventCountry "CZE"]
[SourceTitle "playchess.com"]
[Source "ChessBase"]
[SourceQuality "1"]

{[%evp 10,90,18,0,0,0,0,0,0,0,70,0,2,-2,-10,-10,-15,-83,-21,-23,-19,-69,-51,-63,-60,-91,-91,-90,-128,-124,-113,-104,-104,-118,-106,-156,-70,-189,-82,-120,-134,-115,-92,-111,-108,-119,-125,-144,-129,-140,-71,-68,-14,-18,-12,-60,-66,-71,-70,-54,-109,-103,-27,-157,-152,-367,-301,-281,-251,-235,-222,-241,-234,-368,-350,-542,-542,-603,-524,-769,-736,-762,-743]} 1. e4 e6 2. d4 d5 3. Nd2 c5 4. exd5 exd5 5. Ngf3 Nf6 6. Be2 Be7 {C08: French Tarrasch: 3...c5 4 exd5 exd5 sidelines.} 7. dxc5 Bxc5 8. Nb3 Bb6 {The position is equal.} 9. O-O {[#]} Ne4 $146 (9... Nc6 $11) ({Predecessor:} 9... O-O 10. c3 Bg4 11. Nbd4 Nc6 12. Be3 Re8 13. h3 Bh5 14. Re1 Ne4 15. Qa4 Qf6 {0-1 (31) Lau,R (2503)-Gurevich,M (2656) Germany 2003}) 10. Bb5+ ({White should try} 10. c4 $14) 10... Nc6 $11 {[%cal Bb8c6,Bc6e5,Be5c4][%mdl 32]} 11. Nfd4 O-O 12. Be3 Ne5 13. Qe2 (13. c3 $11) 13... Bc7 (13... Ng4 $17) 14. Bf4 Qf6 15. Bg3 Bg4 16. Qe3 Nxg3 17. hxg3 Nc4 $36 {[%mdl 2048] Black has strong initiative.} 18. Qd3 Nxb2 19. Qc3 {[#]} Nc4 $1 {[%mdl 512]} 20. Bxc4 dxc4 21. Qxc4 Rac8 22. Qb4 {[#]} Bb6 (22... a5 $1 $17 {[%cal Ra5b4][%mdl 512]} 23. Qb5 (23. Nxa5 Bxa5) 23... Be5) 23. Rae1 {[#]} (23. c3 $1 $15) 23... Rfd8 (23... a5 $1 $19 {[%cal Ra5b4][%mdl 512] and Black stays clearly on top.} 24. Qb5 (24. Nxa5 Bxa5) 24... Bxd4) 24. Re4 {[#]} a5 $1 {[%cal Ba7a5,Ba5a4][%mdl 544]} 25. Qd2 (25. Nxa5 Rxd4) 25... Be6 {Hoping for ...Bxb3.} 26. c3 a4 27. Nc1 Bd5 28. Re3 h6 29. Rfe1 Ba5 (29... Bc5 $142 30. Qb2 a3) 30. Qc2 $17 Qa6 ({Weaker is} 30... Qxd4 31. Re8+ $1 {[%mdl 512]} Rxe8 32. Rxe8+ Rxe8 33. cxd4 $16) (30... Bb4 $15) 31. Nf5 $1 $11 {[%cal Rf5e7] [#] Ne7+ is the strong threat.} Bb4 $1 {[%mdl 512]} 32. Nd3 (32. cxb4 Rxc2) 32... Bf8 ({Don't go for} 32... Rxc3 $2 33. Qb2 $18) 33. Nf4 Bc4 34. Ne7+ Bxe7 $1 35. Rxe7 b5 (35... a3 $17) 36. Nh5 (36. Ne6 $1 $11 {keeps the balance.} Bxe6 {[#]} 37. R1xe6 $1 {[%mdl 512]} Qxe6 38. Rxe6 fxe6 39. Qe2) 36... Qd6 $17 37. Qe4 $2 {Now White is beyond hope.} (37. Qb2 $17 {was necessary.}) 37... Be6 38. Rb7 Qd5 ({Don't do} 38... Bxa2 39. Rxb5 Bb3 40. Qf3 $19) 39. Qxd5 Bxd5 40. Rxb5 Bxa2 41. Re4 (41. Ra1 {keeps fighting.} Bb3 42. g4) 41... Bb3 42. Rg4 (42. Re1 $142) 42... g6 $19 {Black is clearly winning.} 43. Nf6+ Kg7 44. Ne4 Be6 45. Rh4 a3 {Accuracy: White = 47%, Black = 76%.} 0-1

[Event "CZE-ch U14 2020"]
[Site "Kouty nad Desnou"]
[Date "2020.03.09"]
[Round "3.4"]
[White "Vaclavik, Jan"]
[Black "Babula, Vlastimil"]
[Result "0-1"]
[WhiteElo "1791"]
[BlackElo "2567"]
[Annotator "TA"]
[PlyCount "124"]
[EventDate "2020.03.07"]
[EventCountry "CZE"]
[SourceTitle "playchess.com"]
[Source "ChessBase"]
[SourceQuality "1"]

{[%evp 9,124,10,21,0,8,0,9,0,0,-13,33,26,42,40,44,28,24,33,91,80,81,14,28,-7,0,0,0,-19,0,0,0,16,83,20,74,87,88,18,75,62,159,170,195,88,163,177,162,31,57,0,0,-244,0,-417,-164,-181,-183,-651,-212,-208,0,0,97,0,93,-47,-26,-883,-879,-785,-752,-1537,-1266,-1073,-481,-428,-313,-325,-262,-327,-326,-326,-322,-324,-275,-310,-297,-354,-266,-266,-266,-432,-353,-350,-352,-352,-305,-411,-380,-1102,-967,-1266,-664,-638,-646,-600,-559,-5106,-510,-5373,-642,-568,-404,-1076,-1075,-869,-532]} 1. e4 c5 2. Nf3 d6 3. d4 cxd4 4. Qxd4 Nc6 5. Qe3 Nf6 6. h3 {B53: Sicilian: 2...d6: Lines with Qxd4.} g6 7. Be2 Bg7 8. O-O {The position is equal.} O-O 9. c4 a6 10. Nc3 Be6 11. Rb1 Rc8 12. b3 Qa5 {[#]} 13. Bb2 $146 ({Predecessor:} 13. Bd2 Qc5 14. Rbc1 Nd7 15. Ng5 Qxe3 16. Bxe3 Nc5 17. Rfd1 h6 18. Nxe6 fxe6 19. f3 {1-0 (69) Antonio,R (2518)-Le,Q (2591) Subic Bay 2009}) 13... b5 (13... Qc5 $14) 14. cxb5 $16 axb5 15. Nxb5 ({White should try} 15. Bxb5 $16 Nb4 16. Nd4) 15... Qxa2 $11 16. Nbd4 Nxd4 17. Nxd4 Bd7 18. Bc4 Qa5 19. Ra1 Qe5 20. Rfe1 Qh5 (20... e6 $11) 21. Qd2 (21. Nf3 $16) 21... Bh6 (21... Qh6 $11 22. Qxh6 Bxh6) 22. Qd3 $16 Qc5 23. Nf3 (23. Ba3 $1 $16 {[%cal Ra3c5]} Qb6 24. e5) 23... Bg7 (23... Nh5 $11) 24. Bd4 Qh5 (24... Qb4 $1 $14) 25. Ra7 e5 26. Bb2 (26. Ba1 $1 $18 {is more deadly.}) 26... d5 (26... Bxh3 $16 27. gxh3 d5) 27. Bxd5 $18 (27. exd5 e4 $16) 27... Nxd5 28. Qxd5 (28. exd5 $6 e4 $16) (28. Rxd7 $18 Nf4 29. Qd1) 28... Bxh3 29. gxh3 (29. Bxe5 $14 Bxe5 30. Qxe5 (30. Nxe5 Rc1 $11)) 29... Qxf3 $11 30. Ba3 $2 {[#]} (30. Re3 $1 $11 Qf6 31. Kg2) 30... Rfd8 $2 ({And not} 30... Qxh3 31. Bxf8 Qg4+ 32. Kf1 $11) (30... Rc2 $1 $19 {[%mdl 512]} 31. Rf1 Rfc8) 31. Qb7 $2 {[%mdl 8192]} (31. Rd7 $11 {and White is okay.} Rxd7 32. Qxd7) 31... Rc2 $2 (31... Bh6 {And now ...Be3! would win.} 32. Bb4 Rc2) 32. Qb6 $19 Bf6 $1 {[%cal Rf6h4]} 33. Bc5 $2 (33. Qe3 Qh5 34. Kg2) 33... Kg7 $2 $40 {[%mdl 128] Black goes for the king.} (33... Bh4 34. Rb7 Qc3 $1 {[%mdl 512]}) 34. Qc7 Rxc5 $2 ({Black should play} 34... Bh4 $19 {[%cal Rh4f2]} 35. Bf8+ {[%mdl 64] Discovered Attack} Rxf8 36. Qxc2 Rc8) 35. Qxc5 $11 Qxb3 (35... Rd3 $11 {remains equal.}) 36. Qc7 (36. Kg2 $16) 36... Rd2 (36... Rd3 $11 {keeps the balance.} 37. Kg2 Qe6) 37. Kg2 (37. Rb7 $16 Qe6 38. Re3) 37... Rc2 $15 38. Qd6 $2 {[%mdl 8192] [#] White does not recover from this.} (38. Rb7 $11) 38... Qb2 $1 $19 ({Stronger than} 38... Rxf2+ 39. Kxf2 Bh4+ 40. Ke2 $11) 39. Rf1 Bh4 {[%cal Rc2f2]} 40. Kh1 Rxf2 41. Rxf2 Bxf2 {[%mdl 4096] Endgame KQR-KQB} (41... Qxf2 $142 42. Ra3 Qf1+ 43. Kh2 Qe2+ 44. Kh1 Qxe4+ 45. Kg1 Qe1+ 46. Kg2 Qf2+ 47. Kh1 Qe1+ 48. Kg2 Qf2+ 49. Kh1 Bg3 50. Rxg3 Qxg3) 42. Ra6 Qc1+ 43. Kg2 {[#] Hoping for Qf6+.} Qg1+ $1 44. Kf3 Qg3+ {[%mdl 64] Double Attack} 45. Ke2 {aiming for Qf6+.} Qe3+ {[%mdl 64] Double Attack} 46. Kd1 Qe1+ 47. Kc2 Qxe4+ 48. Kb3 Qf5 49. Kc4 Bd4 50. Kd5 $2 (50. Ra3 {is a better defense.}) 50... Qf3+ 51. Kc4 Qxh3 52. Qf6+ Kh6 {...Qc3+ is the strong threat.} 53. Kd5 Qd7+ 54. Ke4 $2 (54. Kc4 Qg4 55. Kd5) 54... Kh5 55. Rd6 Qg4+ 56. Kd5 Qg2+ 57. Kc4 Qc2+ 58. Kd5 Kg4 (58... Qc5+ $142 59. Ke4 Qc4 60. Qf3+ Kh6) 59. Ra6 (59. Rc6 $142 Qb3+ 60. Kd6) 59... Qf5 (59... Qc5+ $142 60. Ke4 Qc4 61. Qf3+ Kh4 62. Qh1+ Kg5 63. Qg2+ Kh6) 60. Qd8 Bb2 {White must now prevent ...Qd3+.} 61. Kc5 (61. Ra4+ $142 Bd4 62. Ra6) 61... e4+ 62. Kb4 Be5 {Accuracy: White = 40%, Black = 51%.} 0-1